Najlepsi strzelcy w historii reprezentacji Anglii - Statystyki

Ogólne statystyki
  • Ten quiz został rozwiązany 69 razy
  • Średni wynik to 4 z 10
Statystyki odpowiedzi
Bramki Zawodnik % Poprawnych
53 Wayne Rooney
84%
62 Harry Kane
82%
46 Gary Lineker
66%
30 Alan Shearer
57%
49 Bobby Charlton
54%
40 Michael Owen
54%
29 Frank Lampard
49%
43 Jimmy Greaves
0%
30 Nat Lofthous
0%
29 Tom Finney
0%
Nie znaleziono quizów pasujących do podanych kryteriów
Rozkład punktacji
Procent ludzi z każdym wynikiem
Percentyl według liczby udzielonych odpowiedzi
Twoja historia wyników
Nie rozwiązałeś tego quizu